000 00689nam a2200265 a 4500
001 38086
003 AR-BaAGN
005 20231116150508.0
007 ta
008 220625s1979 ag |||||r|||| ||||||spa d
040 _dAR-BaAGN
_aAR-BaAGN
_bspa
_eaacr
100 1 _aCortés Conde, Roberto
245 1 0 _aEl progreso argentino :
_b1880-1914
250 _a1ª ed.
260 _aBuenos Aires :
_bSudamericana,
_c1979.
300 _a291 páginas :
_bmapas
336 _2rdacontent
_btxt
337 _2rdamedia
_bn
338 _2rdacarrier
_bnc
490 0 _aHistoria y sociedad
942 _cLIBRO
999 _c38086
_d38086